Online Catalogue and eLibrary

Alternative perspectives : (Record no. 3125)

MARC details
000 -LEADER
fixed length control field 00493nam a2200157Ia 4500
005 - DATE AND TIME OF LATEST TRANSACTION
control field 20240927080943.0
008 - FIXED-LENGTH DATA ELEMENTS--GENERAL INFORMATION
fixed length control field 240331s9999 xx 000 0 und d
020 ## - INTERNATIONAL STANDARD BOOK NUMBER
ISBN 955625000X
082 ## - DDC Classification
Item Number - Author Mark ALT
Class No. 808
100 ## - MAIN ENTRY--PERSONAL NAME
Personal name MWRAF
245 #0 - TITLE STATEMENT
Title Alternative perspectives :
Remainder of title A collection of essays on contemporary Muslim Society
260 ## - PUBLICATION, DISTRIBUTION, ETC.
Place of publication, distribution, etc. Srilanka
Name of publisher, distributor, etc. Muslim Women's Research And Action Forum
Date of publication, distribution, etc. 1997
300 ## - PHYSICAL DESCRIPTION
Extent (e.g. Volumes, Pages etc.) 106 p .,
500 ## - GENERAL NOTE
General note A collection of essays on contemporary Muslim society
942 ## - Koha item type (Biblio)
Koha item type Books in Stacks (Lending)
Holdings
Lost status Damaged status Collection code Home library Current library Shelving location Date acquired Full call number Accession Number Item type
    Lending WERC Library WERC Library Social Science Cupboard 03/31/2024 808.84 ALT 5671 Books in Stacks (Lending)

© WERC Library